000 00813nam a2200241Ia 4500
003 OSt
005 20220926010041.0
006 a|||||r|||| 00| 0
007 ta
008 220923b |||||||| |||| 00| 0 eng d
020 _a9789350353721
_c505.75
037 _b2830, 10/03/2015, Paramount International
_cGeneral Book
040 _aRTL
_cRTL
_beng
041 _2eng
_aeng
082 _aY11:3(S5):(Z2.P12), Q3
100 _aNARAYANA P S
245 0 _aCommentary on the protection of children from sexual offences act, 2012 and rules
260 _a New Delhi
_bUniversal Law Publishing
_c2013
300 _aliv,428p
_ccm.
650 _aCommerce
942 _hY11:3(S5):(Z2.P12), Q3
_cGB
_2CC
999 _c616270
_d616270